[Event "OP-2017-0-04253"]
[Site "LSS email"]
[Date "2017.01.08"]
[Round "?"]
[White "Munoz, Lazaro"]
[Black "Schroeder, Christoph"]
[Result "1/2-1/2"]
[WhiteElo "1919"]
[BlackElo "2293"]
[PlyCount "49"]
[EventDate "2017.01.04"]
[EventType "tourn (corr)"]
[EventRounds "4"]
[EventCountry "GER"]
[SourceTitle "Corr 2022"]
[Source "ChessBase"]
[SourceDate "2021.10.24"]
[SourceVersion "1"]
[SourceVersionDate "2021.10.24"]
[SourceQuality "1"]

1. e4 c5 2. d4 cxd4 3. c3 dxc3 4. Nxc3 Nc6 5. Nf3 d6 6. Bc4 a6 7. 0-0 Nf6 8. Bf4 Bg4 9. h3 Bh5 10. Qb3 Qd7 11. Be2 Bxf3 12. Bxf3 Nd4 13. Qd1 e5 14. Bg5 Be7 15. Bxf6 Bxf6 16. Bg4 Ne6 17. Nd5 Bd8 18. f4 h5 19. Bxh5 Nxf4 20. Bg4 Qb5 21. Nxf4 Qb6+ 22. Kh1 exf4 23. Rxf4 Bf6 24. Qa4+ Qb5 25. Qxb5+ 1/2-1/2